Geografia krajów bałtyckich od A do Z - Statystyki

Ogólne statystyki
  • Ten quiz został rozwiązany 45 razy
  • Średni wynik to 14 z 24
Statystyki odpowiedzi
Litera Pytanie Odpowiedź % Poprawnych
C Jaki kolor poza białym i niebieskim znajduje się na fladze narodowej Estonii? Czarny
100%
E Jaką nazwę nosi waluta obowiązująca na Litwie, Łotwie i Estonii? Euro
95%
R Z którym państwem posiada granicę zarówno Litwa, Łotwa jak i Estonia? Rosja
92%
U Do jakiej wspólnoty międzynarodowej dołączyły wszystkie te kraje w 2004 roku? Unia Europejska
92%
W Które miasto jest obecnie stolicą Litwy? Wilno
92%
H Z jaką inną europejską stolicą ma połączyć Tallinn, planowany najdłuższy tunel świata? Helsinki
89%
F Jaką nazwę nosi zatoka nad którą położona jest estońska stolica? Fińska
86%
A Flaga Łotwy zarówno układem jak i doborem kolorów jest podobna do flagi którego innego kraju? Austria
84%
L Który odłam protestantyzmu wyznaje większość mieszkańców Łotwy? Luteranizm
76%
Ż Które zwierzę będące największym ssakiem lądowym Europy możemy spotkać między innymi na Litwie? Żubr europejski
73%
I Dostęp do tej sieci wpisany jest od 2000 roku do konstytucji Estonii jako prawo każdego obywatela. Internet
70%
B Który ptak został ogłoszony narodowym ptakiem Litwy? Bocian biały
62%
K Które litewskie miasto jest największym miastem portowym tego kraju? Kłajpeda
62%
O Jaką nazwę nosi brama miejska na Starym Mieście w Wilnie w stylu gotyckim, wzniesiona w latach 1503–1514? Ostra
59%
G Jakie mityczne stworzenie znajduje się w herbie Łotwy? Gryf
49%
N Jaką nazwę nosi rzeka nad którą położone Kowno? Niemen
41%
T W której litewskiej miejscowości możemy podziwiać zamek w stylu gotyckim wzniesiony przez wielkiego księcia litewskiego Kiejstuta? Troki
41%
Z Jaką nazwę nosi akwen wodny będący częścią Morza Bałtyckiego pomiędzy Łotwą i Estonią? Zatoka ryska
38%
D Nad jaką rzeką leży łotewska stolica, Ryga? Dźwina
35%
S Jaką nazwę nosi największa wyspa Estonii? Saaremaa
27%
P Jaką nazwę nosi największe jezioro krajów bałtyckich leżące na pograniczu Estonii i Rosji? Pejpus
22%
M Jaką nazwę nosi wąski, długi półwysep nad Morzem Bałtyckim, znajdujący się na terytorium Litwy i Rosji? Mierzeja Kurońska
11%
Ś Jaką potoczną nazwą określa się wydarzenia mające miejsce pomiędzy 1987 a 1991 na Litwie, Łotwie i w Estonii, które w efekcie doprowadziły do odzyskania przez nie niepodległości? Śpiewająca rewolucja
5%
J Jaką nazwę nosi najwyższe 50 metrowy wodospad w Estonii na rzecze o tej samej nazwie? Jägala
0%
Nie znaleziono quizów pasujących do podanych kryteriów
Rozkład punktacji
Procent ludzi z każdym wynikiem
Percentyl według liczby udzielonych odpowiedzi
Twoja historia wyników
Nie rozwiązałeś tego quizu